000 00263nam a2200109Ia 4500
008 220204s9999 xx 000 0 und d
082 _a301.174(540)
_bSUR
100 _aSuresh Kohli
245 0 _aCorruption in India
260 _aDelhi
_bChetana
_c1975
942 _cBK
999 _c30829
_d30829